000 00325nam a2200133Ia 4500
100 _aCoombs/Clyde F
490 _v5
942 _cRB
654 _aprinted circuit
245 _aPrinted circuits workbook series v5 Multilayer and flexible ckt
260 _bMcGraw Hill
_c1988
082 _a621.38174
_bCOO
546 _aENGLISH
999 _c20004
_d20004